[Event "Konnerud GP"]
[Site "Konnerud"]
[Date "2017.11.19"]
[Round "5"]
[White "Klausen, Truls Skauge"]
[Black "Paulsen, Stig Atle"]
[Result "1/2-1/2"]
[WhiteElo "1754"]
[BlackElo "1674"]
[PlyCount "74"]
[EventDate "2017.11.18"]
[EventType "swiss"]
[EventRounds "5"]
[EventCountry "NOR"]
[SourceTitle "EXT 2024"]
[Source "ChessBase"]
[SourceDate "2023.10.10"]
[SourceVersion "1"]
[SourceVersionDate "2023.10.10"]
[SourceQuality "1"]

1. e4 e6 2. f4 d5 3. e5 c5 4. Nf3 Be7 5. c3 Nc6 6. Be2 Nh6 7. 0-0 c4 8. d3 cxd3 9. Bxd3 Bc5+ 10. Kh1 Bd7 11. Qe2 Qe7 12. a4 a6 13. Na3 Bxa3 14. Rxa3 Nf5 15. Bd2 h6 16. Be1 g5 17. g4 Ng7 18. Nd4 gxf4 19. Rxf4 Qg5 20. Nxc6 Bxc6 21. Bd2 d4+ 22. Be4 Bxe4+ 23. Qxe4 dxc3 24. Qxb7 0-0 25. Rxc3 Rad8 26. Rd4 Qxe5 27. Rxd8 Rxd8 28. Rc8 Rxc8 29. Qxc8+ Kh7 30. Qc2+ f5 31. Bc3 Qd5+ 32. Kg1 Qc5+ 33. Kg2 Qc4 34. gxf5 Nxf5 35. b3 Qg4+ 36. Kh1 Qf3+ 37. Kg1 Qe3+ 1/2-1/2

[Event "Buskerud-ch"]
[Site "Drammen"]
[Date "2016.04.10"]
[Round "4"]
[White "Huse, Sigurd Kjelsbol"]
[Black "Klausen, Truls Skauge"]
[Result "1-0"]
[WhiteElo "1964"]
[BlackElo "1762"]
[PlyCount "71"]
[EventDate "2016.04.09"]
[EventType "swiss"]
[EventRounds "5"]
[EventCountry "NOR"]
[SourceTitle "EXT 2018"]
[Source "ChessBase"]
[SourceDate "2017.10.13"]
[SourceVersion "1"]
[SourceVersionDate "2017.10.13"]
[SourceQuality "1"]

1. e4 e6 2. d4 d5 3. Nc3 Nf6 4. Bg5 Be7 5. e5 Nfd7 6. Bxe7 Qxe7 7. f4 c5 8. Nf3 Nc6 9. dxc5 Qxc5 10. Qd2 a6 11. 0-0-0 b5 12. Kb1 Nb6 13. a3 Nc4 14. Bxc4 bxc4 15. f5 Rb8 16. Ka1 h6 17. fxe6 fxe6 18. Qf4 Qb6 19. Rb1 Rf8 20. Qg3 Rf7 21. Qg6 Ne7 22. Qh7 Nf5 23. Rhe1 Ne3 24. Re2 Bb7 25. Qg8+ Rf8 26. Qxg7 d4 27. Qg6+ Ke7 28. Ne4 d3 29. cxd3 cxd3 30. Nd6 Bxf3 31. Qg7+ Rf7 32. Qxf7+ Kd8 33. Rxe3 Qxe3 34. Qxf3 Qd4 35. Qf8+ Kc7 36. Rc1+ 1-0

[Event "Buskerud-ch"]
[Site "Drammen"]
[Date "2016.04.09"]
[Round "2"]
[White "Krohg, Georg A"]
[Black "Klausen, Truls Skauge"]
[Result "1-0"]
[WhiteElo "1833"]
[BlackElo "1762"]
[PlyCount "73"]
[EventDate "2016.04.09"]
[EventType "swiss"]
[EventRounds "5"]
[EventCountry "NOR"]
[SourceTitle "EXT 2018"]
[Source "ChessBase"]
[SourceDate "2017.10.13"]
[SourceVersion "1"]
[SourceVersionDate "2017.10.13"]
[SourceQuality "1"]

1. e4 c6 2. d4 d5 3. exd5 cxd5 4. Bd3 Nf6 5. Bf4 Nc6 6. c3 e6 7. Nf3 Bd6 8. Bxd6 Qxd6 9. 0-0 0-0 10. Re1 Bd7 11. Nbd2 Rac8 12. Ne5 a6 13. Re3 g6 14. h4 Be8 15. g4 Nd7 16. Qe2 f6 17. Nxc6 Rxc6 18. Nb3 Bf7 19. Na5 Rb6 20. c4 Qb4 21. c5 Qxa5 22. cxb6 Qxb6 23. Rd1 Qd6 24. Bc2 Re8 25. Bb3 Qf4 26. Bxd5 exd5 27. Rxe8+ Bxe8 28. Qxe8+ Nf8 29. Qe2 Kf7 30. Kg2 Ne6 31. Qf3 Qd6 32. Qe3 Qb4 33. Rd3 b5 34. Rb3 Qa4 35. a3 Nxd4 36. Rb4 Nc2 37. Qa7+ 1-0

[Event "Drammen CC-ch Class1"]
[Site "Drammen"]
[Date "2016.03.29"]
[Round "7"]
[White "Klausen, Truls Skauge"]
[Black "Sama, Gunnar"]
[Result "1-0"]
[WhiteElo "1569"]
[BlackElo "1411"]
[PlyCount "57"]
[EventDate "2016.01.26"]
[EventType "tourn"]
[EventRounds "9"]
[EventCountry "NOR"]
[SourceTitle "EXT 2024"]
[Source "ChessBase"]
[SourceDate "2023.10.10"]
[SourceVersion "1"]
[SourceVersionDate "2023.10.10"]
[SourceQuality "1"]

1. e4 e5 2. Nf3 Nf6 3. Nxe5 d6 4. Nxf7 Kxf7 5. Bc4+ Be6 6. Bxe6+ Kxe6 7. 0-0 Kf7 8. Nc3 Be7 9. f4 g6 10. e5 Nfd7 11. d4 dxe5 12. fxe5+ Kg7 13. Qg4 Rf8 14. Be3 Nb6 15. Qh3 Rxf1+ 16. Rxf1 Nc6 17. Rf7+ Kxf7 18. Qxh7+ Ke8 19. Qxg6+ Kd7 20. Qf5+ Ke8 21. e6 Bf6 22. Qg6+ Ke7 23. Qf7+ Kd6 24. Ne4+ Kd5 25. Nxf6+ Kc4 26. e7+ Nd5 27. exd8Q Rxd8 28. Nxd5 Rxd5 29. b3+ 1-0

[Event "Drammen CC-ch Class1"]
[Site "Drammen"]
[Date "2016.01.12"]
[Round "1"]
[White "Sorjordet, Anders"]
[Black "Klausen, Truls Skauge"]
[Result "1/2-1/2"]
[WhiteElo "1576"]
[BlackElo "1569"]
[PlyCount "95"]
[EventDate "2016.01.26"]
[EventType "tourn"]
[EventRounds "9"]
[EventCountry "NOR"]
[SourceTitle "EXT 2024"]
[Source "ChessBase"]
[SourceDate "2023.10.10"]
[SourceVersion "1"]
[SourceVersionDate "2023.10.10"]
[SourceQuality "1"]

1. d4 g6 2. Nf3 Bg7 3. c4 c5 4. Nc3 Nf6 5. g3 0-0 6. Bg2 cxd4 7. Nxd4 Nc6 8. 0-0 Qb6 9. Ndb5 d6 10. Be3 Qd8 11. Rc1 Ng4 12. Bg5 a6 13. Na3 Be6 14. Qd2 Rb8 15. Nd5 h6 16. Bf4 Kh7 17. h3 Nge5 18. b3 b5 19. cxb5 axb5 20. Be3 Bxd5 21. Bxd5 Qd7 22. Kg2 Nd8 23. Bd4 e6 24. Be4 d5 25. Bb1 f5 26. f4 Nec6 27. Bxg7 Kxg7 28. Nc2 Kh7 29. Ne1 Nf7 30. Nf3 Nd6 31. Qb2 Ne4 32. Ne5 Nxe5 33. Qxe5 Rfc8 34. Bxe4 fxe4 35. a4 Rxc1 36. Rxc1 Rc8 37. Rxc8 Qxc8 38. Qf6 bxa4 39. Qf7+ Kh8 40. bxa4 Qc4 41. Qf6+ Kh7 42. Qe7+ Kh8 43. Qd8+ Kh7 44. Qd7+ Kh8 45. Qe8+ Kh7 46. Qf7+ Kh8 47. Qe8+ Kh7 48. Qe7+ 1/2-1/2

[Event "Drammen CC Autumn"]
[Site "Drammen"]
[Date "2014.09.16"]
[Round "3"]
[White "Olaisen, Jan Magnus"]
[Black "Klausen, Truls Skauge"]
[Result "0-1"]
[WhiteElo "1508"]
[BlackElo "1519"]
[PlyCount "94"]
[EventDate "2014.08.19"]
[EventType "swiss"]
[EventRounds "6"]
[EventCountry "NOR"]
[SourceTitle "EXT 2024"]
[Source "ChessBase"]
[SourceDate "2023.10.10"]
[SourceVersion "1"]
[SourceVersionDate "2023.10.10"]
[SourceQuality "1"]

1. e4 g6 2. Nf3 Bg7 3. d4 c5 4. c3 cxd4 5. cxd4 Qb6 6. Nc3 Nc6 7. Nd5 Qd8 8. Be3 d6 9. Bc4 Bg4 10. Qd2 e6 11. Nc3 Nge7 12. Ng5 d5 13. Bb5 h6 14. f3 hxg5 15. fxg4 dxe4 16. Nxe4 Nd5 17. Nxg5 Nxe3 18. Bxc6+ bxc6 19. Qxe3 Qxd4 20. Qxd4 Bxd4 21. Rb1 Rb8 22. b3 c5 23. Nf3 e5 24. Kd2 Rd8 25. Nxd4 Rxd4+ 26. Ke3 Rxg4 27. g3 Ke7 28. Rbc1 Rc8 29. Rc2 Rd4 30. Rhc1 Rd5 31. b4 Kd6 32. Rxc5 Rcxc5 33. Rxc5 Rxc5 34. bxc5+ Kxc5 35. Ke4 f6 36. h4 Kd6 37. g4 Ke6 38. Kf3 f5 39. g5 Kd5 40. Ke3 Ke6 41. Kf3 f4 42. Ke4 f3 43. Kxf3 Kf5 44. Ke3 Kg4 45. Ke4 Kxh4 46. Kxe5 Kxg5 47. Ke4 Kg4 0-1

[Event "Drammen CC-ch Class1"]
[Site "Drammen"]
[Date "2012.03.06"]
[Round "5"]
[White "Klausen, Truls Skauge"]
[Black "Emgard, Runar"]
[Result "1-0"]
[WhiteElo "1555"]
[BlackElo "1421"]
[PlyCount "71"]
[EventDate "2012.01.17"]
[EventType "swiss"]
[EventRounds "9"]
[EventCountry "NOR"]
[SourceTitle "EXT 2024"]
[Source "ChessBase"]
[SourceDate "2023.10.10"]
[SourceVersion "1"]
[SourceVersionDate "2023.10.10"]
[SourceQuality "1"]

1. e4 e6 2. d4 d5 3. Nc3 Nf6 4. e5 Nfd7 5. Qg4 f5 6. Qg3 g6 7. h4 Be7 8. Nf3 Kf7 9. Bg5 h6 10. Bxe7 Qxe7 11. 0-0-0 a6 12. Re1 c5 13. Nxd5 exd5 14. e6+ Kg7 15. exd7 Qxd7 16. Ne5 Qe6 17. dxc5 Nd7 18. Nd3 Qf7 19. f4 Re8 20. h5 Rxe1+ 21. Qxe1 Kh7 22. hxg6+ Qxg6 23. Qe7+ Qg7 24. Qd6 a5 25. Qxd5 Ra6 26. Qxf5+ Kh8 27. Qd5 Rc6 28. Be2 a4 29. a3 Qe7 30. Qd4+ Qg7 31. Qxg7+ Kxg7 32. Bf3 Rf6 33. Re1 b5 34. Re8 Rf8 35. Re7+ Kf6 36. Rh7 1-0

[Event "Drammen Autumn"]
[Site "Drammen"]
[Date "2010.12.09"]
[Round "9"]
[White "Klausen, Truls Skauge"]
[Black "Egede Nissen, Bjorn"]
[Result "1-0"]
[WhiteElo "1552"]
[BlackElo "1890"]
[PlyCount "101"]
[EventDate "2010.09.07"]
[EventType "swiss"]
[EventRounds "9"]
[EventCountry "NOR"]
[SourceTitle "EXT 2024"]
[Source "ChessBase"]
[SourceDate "2023.10.10"]
[SourceVersion "1"]
[SourceVersionDate "2023.10.10"]
[SourceQuality "1"]

1. e4 e6 2. d4 d5 3. Nc3 Nf6 4. Bg5 Be7 5. e5 Nfd7 6. Bxe7 Qxe7 7. Bd3 a6 8. a3 c5 9. f4 cxd4 10. Nb1 Nc6 11. Nd2 h6 12. Ngf3 0-0 13. 0-0 b5 14. Nb3 Nb6 15. Nfxd4 Nxd4 16. Nxd4 Nc4 17. Bxc4 dxc4 18. Qe2 Bb7 19. c3 Qc5 20. Rae1 g6 21. Kh1 Kh7 22. Qg4 Rfe8 23. Re3 Rad8 24. Rfe1 a5 25. Rh3 b4 26. Ree3 Qf8 27. Rxh6+ Qxh6 28. Rh3 Qxh3 29. Qxh3+ Kg8 30. Qg3 bxa3 31. bxa3 Be4 32. Qe3 Bd5 33. h3 Rb8 34. Qc1 Be4 35. Qe3 Rb1+ 36. Kh2 Bd5 37. Nf3 Reb8 38. Kg3 R1b3 39. Qa7 a4 40. Ng5 Rxc3+ 41. Kg4 Rf8 42. Qxa4 Rb3 43. Qa7 Bxg2 44. Qf2 Bxh3+ 45. Nxh3 Ra8 46. Ng5 Raxa3 47. Qh2 Rg3+ 48. Kh4 Rge3 49. Qd2 Rad3 50. Qb4 Re2 51. Qb7 1-0

[Event "Drammen Autumn"]
[Site "Drammen"]
[Date "2010.11.02"]
[Round "6"]
[White "Klausen, Truls Skauge"]
[Black "Sorensen, Idar"]
[Result "1-0"]
[WhiteElo "1552"]
[BlackElo "1193"]
[PlyCount "129"]
[EventDate "2010.09.07"]
[EventType "swiss"]
[EventRounds "9"]
[EventCountry "NOR"]
[SourceTitle "EXT 2024"]
[Source "ChessBase"]
[SourceDate "2023.10.10"]
[SourceVersion "1"]
[SourceVersionDate "2023.10.10"]
[SourceQuality "1"]

1. e4 c5 2. Nf3 Nc6 3. d4 cxd4 4. Nxd4 d6 5. Nc3 e6 6. Be2 Be7 7. 0-0 Nf6 8. Kh1 0-0 9. f4 a6 10. f5 e5 11. Nf3 Bd7 12. Bg5 Ne8 13. Be3 Nf6 14. Ng1 b5 15. g4 b4 16. Nd5 Nxe4 17. Bb6 Qc8 18. Qe1 Bd8 19. Bd3 Nf6 20. Bxd8 Nxd5 21. Bg5 f6 22. Bd2 Nce7 23. Bxb4 Nxb4 24. Qxb4 Bc6+ 25. Be4 Bxe4+ 26. Qxe4 Qc6 27. Qxc6 Nxc6 28. c3 d5 29. Ne2 Rad8 30. Rfd1 g6 31. Rd2 Rd7 32. b4 e4 33. Nf4 Rfd8 34. Ne6 Re8 35. Rad1 Ne5 36. Rxd5 Rxd5 37. Rxd5 Nxg4 38. Nd4 e3 39. Ne2 Nh6 40. Rd6 gxf5 41. Rxf6 Kg7 42. Rxa6 Re4 43. Kg2 Ng4 44. b5 Ne5 45. b6 f4 46. Ra7+ Kh6 47. Rc7 f3+ 48. Kf1 Ng4 49. Rc6+ Kg5 50. Rc5+ Kh4 51. Rh5+ Kxh5 52. Ng3+ Kh4 53. Nxe4 Nxh2+ 54. Ke1 Kh3 55. Ng5+ Kg2 56. Nxf3 Nxf3+ 57. Ke2 Ne5 58. b7 Nc6 59. a4 h5 60. a5 h4 61. a6 h3 62. b8Q Nxb8 63. a7 h2 64. a8Q+ Kg1 65. Qxb8 1-0

[Event "Drammen Autumn"]
[Site "Drammen"]
[Date "2010.09.21"]
[Round "3"]
[White "Kvalsund, Oddvar"]
[Black "Klausen, Truls Skauge"]
[Result "0-1"]
[WhiteElo "1163"]
[BlackElo "1552"]
[PlyCount "94"]
[EventDate "2010.09.07"]
[EventType "swiss"]
[EventRounds "9"]
[EventCountry "NOR"]
[SourceTitle "EXT 2024"]
[Source "ChessBase"]
[SourceDate "2023.10.10"]
[SourceVersion "1"]
[SourceVersionDate "2023.10.10"]
[SourceQuality "1"]

1. d4 Nf6 2. Nf3 d6 3. g3 Nc6 4. Bg2 Bf5 5. a3 Qd7 6. h4 0-0-0 7. Bd2 e5 8. c3 e4 9. Ng1 d5 10. Bh3 Bd6 11. Bxf5 Qxf5 12. e3 Ng4 13. Nh3 g5 14. Qe2 gxh4 15. Nf4 hxg3 16. fxg3 Bxf4 17. gxf4 h5 18. a4 Rdg8 19. Na3 h4 20. 0-0-0 Nf6 21. Rdg1 h3 22. Qf1 Rxg1 23. Qxg1 Na5 24. Kc2 Qh5 25. Qg5 Qxg5 26. fxg5 Ng4 27. b4 Nc6 28. c4 h2 29. cxd5 Ne7 30. d6 cxd6 31. Nb5 Kd7 32. Be1 Nxe3+ 33. Kd2 N3f5 34. Bf2 Rh3 35. Ke2 a6 36. Nc3 Rxc3 37. Rxh2 Nxd4+ 38. Kf1 Nf3 39. Rh7 Ke6 40. Bh4 Rc4 41. g6 Nxg6 42. Bf2 Rxb4 43. Rg7 Rxa4 44. Rg8 Nf4 45. Be3 Ra1+ 46. Kf2 Ra2+ 47. Kg3 Rg2+ 0-1

[Event "Drammen Autumn"]
[Site "Drammen"]
[Date "2010.09.14"]
[Round "2"]
[White "Klausen, Truls Skauge"]
[Black "Roholdt, Njaal"]
[Result "0-1"]
[WhiteElo "1552"]
[BlackElo "1334"]
[PlyCount "46"]
[EventDate "2010.09.07"]
[EventType "swiss"]
[EventRounds "9"]
[EventCountry "NOR"]
[SourceTitle "EXT 2024"]
[Source "ChessBase"]
[SourceDate "2023.10.10"]
[SourceVersion "1"]
[SourceVersionDate "2023.10.10"]
[SourceQuality "1"]

1. Nc3 Nf6 2. g4 Nxg4 3. e4 d6 4. Bg2 e5 5. h3 Nf6 6. Nf3 Be7 7. d4 exd4 8. Nxd4 0-0 9. Be3 c5 10. Nf3 Nc6 11. Qd2 Be6 12. Rg1 Ne5 13. Ng5 Nc4 14. Qe2 Nxe3 15. Qxe3 Ng4 16. hxg4 Bxg5 17. Qf3 Re8 18. Ne2 Qa5+ 19. c3 Qa4 20. b3 Bxb3 21. Qf5 Re5 22. Qf3 Rae8 23. Ng3 d5 0-1

[Event "Drammen Autumn"]
[Site "Drammen"]
[Date "2009.10.13"]
[Round "5"]
[White "Mather, Robert"]
[Black "Klausen, Truls Skauge"]
[Result "0-1"]
[WhiteElo "1342"]
[BlackElo "1562"]
[PlyCount "64"]
[EventDate "2009.09.08"]
[EventType "swiss"]
[EventRounds "9"]
[EventCountry "NOR"]
[SourceTitle "EXT 2024"]
[Source "ChessBase"]
[SourceDate "2023.10.10"]
[SourceVersion "1"]
[SourceVersionDate "2023.10.10"]
[SourceQuality "1"]

1. d4 Nf6 2. c4 e5 3. dxe5 Ng4 4. Nf3 Nc6 5. e3 Ngxe5 6. Nxe5 Nxe5 7. Nd2 d6 8. b3 Be7 9. Be2 Bf6 10. Rb1 0-0 11. 0-0 Re8 12. Bb2 Ng6 13. Bf3 Nh4 14. Be4 Bxb2 15. Rxb2 f5 16. Bd5+ Kh8 17. g3 c6 18. Bh1 Qf6 19. Rb1 Ng6 20. Qh5 Bd7 21. Nf3 Ne5 22. Ng5 h6 23. f4 Ng4 24. Qf7 hxg5 25. Qxd7 Re7 26. fxg5 Qxg5 27. Qxf5 Qxe3+ 28. Rf2 Qxf2+ 29. Qxf2 Nxf2 30. Kxf2 Rf8+ 31. Kg2 Re2+ 32. Kh3 Rff2 0-1